| 000 | 00600nam a2200193 a 4500 | ||
|---|---|---|---|
| 005 | 20210219150741.0 | ||
| 008 | 991125s1985 mx 000 0 spa u | ||
| 020 | _a9682194025 | ||
| 035 | _aUPN01000020304 | ||
| 049 | _aCG | ||
| 050 | 4 |
_aLB1025.2 _bD4.38 |
|
| 100 | 1 | _aDebesse-Arviset, M. L. | |
| 245 | 1 | 3 |
_aEl entorno en la escuela : _buna revolución pedagógica : didáctica de la geografía / _cM. L. Debesse-Arviset ; tr. Nuria Vidal. |
| 260 |
_aMéxico : _bRoca, _c1985. |
||
| 300 | _a178 p. | ||
| 440 | 0 | _aBiblioteca pedagógica M. R. | |
| 650 | 4 |
_aGEOGRAFIA - _xDIDACTICA |
|
| 905 | _aLibro | ||
| 999 |
_c20304 _d20304 |
||